Foreign direct investors in the United States

שמור ב:
מידע ביבליוגרפי
פורמט: ספר
שפה:Undetermined
יצא לאור: Washington Survey of Current Business 1972
נושאים:
תגים: הוספת תג
אין תגיות, היה/י הראשונ/ה לתייג את הרשומה!
Thư viện lưu trữ: Trung tâm Học liệu Trường Đại học Cần Thơ
LEADER 00439nam a2200157Ia 4500
001 CTU_84898
008 210402s9999 xx 000 0 und d
082 |a 332.6731 
082 |b F714 
245 0 |a Foreign direct investors in the United States 
260 |a Washington 
260 |b Survey of Current Business 
260 |c 1972 
650 |a investors 
650 |z united states 
980 |a Trung tâm Học liệu Trường Đại học Cần Thơ